00319nam a2200133Ia 4500003000400000008004100004020002500045040000800070245003800078250001300116260002800129300001500157365001300172LDD181029s9999 xx 000 0 und d a1857433459cP 455.00 cLDD 4aThe Europa World of learning 2006 a56th ed. aLondonbRoutledgec2005 aV.1 A-M,V. bP 455.00